Campeões Brasileiros de Futsal - Statistics

Estatísticas Gerais
  • Esse quiz foi jogado 199 vezes
    140 desde o último reset
  • A pontuação média é 9 de 15
Estatísticas das Respostas
Ano Estado Campeão % Correto
2016 SP Corinthians
87%
2020 SP Magnus
87%
2015, 2009, 2006, 2004, 2001 RS Carlos Barbosa
68%
2011 SP Santos
68%
2017 SC Joinville
66%
2019-18 PR Pato
65%
1996 RS Internacional
64%
2010, 2008-07, 2005 SC Jaraguá
64%
2021 PR Cascavel
63%
2000 RJ Vasco da Gama
57%
1999, 1997 MG Atlético Mineiro
54%
2013-12 SP Intelli
34%
2003-02 RS Ulbra
34%
1998 RS Ulbra
34%
2014 SP Brasil Kirin
16%
Nenhum quiz correspondente encontrado
Distribuição das Pontuações
Porcentagem de Pessoas com Cada Pontuação
Percentil de Números Respondidos
Sua Pontuação Histórica
Você não jogou esse quiz desde o último reset